| 000 | 00506nam a2200181Ia 4500 | ||
|---|---|---|---|
| 005 | 20250325033325.0 | ||
| 008 | 240331s9999 xx 000 0 und d | ||
| 020 | _a0415903327 | ||
| 082 |
_a302.234 _bROD _23888 |
||
| 100 | _aRodwick, D. N. | ||
| 245 | 4 |
_aThe Difficulty of Difference: _bPsychoanalysis Sexual Difference and Film Theory |
|
| 260 |
_aLondon; _aNew York, _bRoutledge _c1991 |
||
| 300 | _axii, 162 p., | ||
| 650 | _aPsychoanalysis | ||
| 650 | _aSexuality | ||
| 650 | _aFeminism | ||
| 942 | _cL | ||
| 999 |
_c1178 _d1178 |
||